00848cam a2200205 a 450000100100000000500170001000800410002704000250006808200150009310000510010824501030015926000540026230000210031649000250033765000570036270000570041983000330047695201180050999900150062700000140020200929145552.0840105s19uu ec 001 0aspa  aDO-SdBNPbspacBNPHU a920bG643m1 aGonzález Suarez, Federico,d1844-1917.9468710aMemorias íntimas /cFederico González Suarez ; introducción de Hernán Rodríguez Castelo. aQuito :bPublicaciones Educativas Ariel,c[19uu]. a167 p. ;c18 cm.0 aClásicos Arielv18 4aLiteratura ecuatorianaxColeciones de escritos946881 aRodríguez Castelo, Hernán,eintroducción94689 0aClásicos Ariel ;v1893125 001052708MOaGRbGRcHDd2009-07-20iLF1l0o920 G643mp1400-10r2020-06-25w2020-06-25y2ZPréstamo interno c1321d1321